00534nam a2200157 a 450000100100000000500170001000800410002704000250006810000250009324500540011825000120017226000490018430000210023395201050025499900170035900003784020201002031126.0130306s2004 dr 000 0 spa d aDO-SdBNPbspacBNPHU1 aRojas, Armando9454110aA su tiempo se maduran las uvas /cArmando Rojas. a7a. ed. aSanto Domingo :b23 +Uno Fandación,c2004. a263 p. ;c26 cm. 0010718PDaPDbPDcHDd2013-03-06iLF1l0o p37840-10r2020-06-25w2020-06-25yLFPDZNo se presta c37330d37330